000 00335nab a22001097u 4500
008 130520b1988 xxu||||| |||| 00| 0 spa d
041 _aspa
100 1 _aLocht, Pierre de
_910633
245 0 0 _aComportamiento ético e identidad cristiana
_cPierre de Locht
773 0 _tConcilium
_gV.1,1988,págs.281-290
_x0210-1041
_wRev134
942 _cAR
999 _c355374
_d355374